Manažment inovačného procesu vo firmách interná grantová úloha č. 0430/01

Guardado en:
Detalles Bibliográficos
Autor principal: Vavrinčík, Pavel
Otros Autores: Čarnický, Štefan, Vološin, Martin, Prividiová, Eva, 1952-
Formato: Libro
Lenguaje:eslovaco
Publicado: Košice 2002
Materias:
Etiquetas: Agregar Etiqueta
Sin Etiquetas, Sea el primero en etiquetar este registro!

MARC

LEADER 00000nam$a2200000$$$4500
001 0112198
005 20240503084920.8
041 0 |a slo 
044 |a SK 
245 1 0 |a Manažment inovačného procesu vo firmách  |b interná grantová úloha č. 0430/01  |c vedúci projektu Pavel Vavrinčík 
264 1 |a Košice  |c 2002 
300 |a 57 s. 
610 2 0 |a riadenie podnikové 
610 2 0 |a inovácia 
610 2 0 |a inovácia výrobkov 
100 1 |a Vavrinčík, Pavel 
700 1 |a Čarnický, Štefan 
700 1 |a Vološin, Martin 
700 1 |a Prividiová, Eva, 1952-